000 01373nam a22001337a 4500
999 _c532825
_d532825
008 260320b ||||| |||| 00| 0 eng d
100 _aJayakar, Krishna and Mishra, Smeeta
_959810
245 _a Predictors of innovation adoption by small healthcare firms in India: The case of web accessibility standards
260 _aVikalpa: The Journal for Decision Makers
300 _a50(4), Oct-Dec, 2025: p.310-321
520 _aTechnology innovation and adoption are key economic imperatives for growth in India’s economy, and especially in the healthcare sector. As an example of firm innovation adoption, this study explores the adoption of web accessibility standards by small health care organizations in India. Adoption is found to be uniformly poor, irrespective of the size, financial resources, or type of healthcare institution. Though small health care organizations located in the largest metros had better compliance, they too fell short of the standard. The findings highlight challenges of healthcare innovation adoption by small firms in a developing country context.- Reproduced https://journals.sagepub.com/doi/full/10.1177/02560909251374390?_gl=1*1nipdfg*_up*MQ..*_ga*MTk2NTMzOTAwMi4xNzczOTg2NDE0*_ga_60R758KFDG*czE3NzM5ODY0MTQkbzEkZzEkdDE3NzM5ODY4NTAkajYwJGwwJGgyMDc5MjE3NzA4
773 _aVikalpa: The Journal for Decision Makers
942 _cAR